=LDR 00000nam 2200000 4500 =001 INLIS000000000018283 =005 20130612113449 =008 ***********************************Ind** =035 ##$$0010-061300000018283 =041 ##$$a Ind =082 ##$$a 636.688 =090 ##$$a 636.688, Tur s =100 ##$$a Turut, Rusli =245 ##$$a Sukses dalam kontes burung berkicau, Rusli Turut =260 ##$$a 1998 $b Jakarta =300 ##$$a 78 hlm, ilus, 21 cm =650 ##$$a Burung-Kontes =850 ##$$a NBPNMAT